| 000 | 00400nam a22001337a 4500 | ||
|---|---|---|---|
| 020 | _a9789381714638 | ||
| 082 |
_a664 _bRYA/HA |
||
| 100 |
_aRyall, Lloyd A _993 |
||
| 245 | _aHandling, transportation and storage of fruits and vegetables, Vol.2 : fruits and tree nuts | ||
| 250 | _a2nd ed. | ||
| 260 |
_aNew Delhi _bScientific International Pvt. ltd. _c2014 |
||
| 700 |
_aPentzer, W.T _994 |
||
| 942 | _cBK | ||
| 999 |
_c14101 _d14101 |
||